MARC

LEADER 00000nam0a2200000 4500
001 355872
005 20240914063128.0
035 |a (RuTPU)RU\TPU\retro\13132 
090 |a 355872 
100 |a 20200713d1936 km y0rusy50 ca 
101 0 |a rus 
102 |a RU 
105 |a y z 000zb 
200 1 |a Наследие Пушкина и коммунизм  |f В. Кирпотин 
210 |a Москва  |c Госполитиздат  |d 1936 
215 |a 310 с. 
600 1 |a Пушкин  |b А. С.  |c российский поэт  |c писатель  |f 1799-1837  |g Александр Сергеевич  |7 ca  |8 rus  |2 stltpush  |3 (RuTPU)RU\TPU\pers\1026  |9 453 
606 1 |a Русская литература, дореволюционная  |x История и критика  |2 stltpush  |3 (RuTPU)RU\TPU\subj\26372  |9 50315 
610 1 |a литературоведение 
610 1 |a русские поэты 
610 1 |a 19 век 
610 1 |a история 
610 1 |a современность 
675 |a 8Р1(092)  |v 4 
700 1 |a Кирпотин  |b В. 
801 1 |a RU  |b 63413507  |c 20200713 
801 2 |a RU  |b 63413507  |c 20200723  |g RCR 
942 |c BK